000 00690nam a2200229 a 4500
001 62940
003 BD-RjUL
005 20211209081138.0
008 170126s1972 nyua b 001 0 eng d
035 _a(BD-RjUL)63068
040 _aDLC
_cDLC
_dBD-RjUL
_beng
041 _aeng
082 _a812.52
_bBOC 1972
100 1 _aBogard, Travis.
_9187183
245 1 0 _aContour in time :
_bthe plays of Eugene O'Neill /
_cTravis Bogard
260 _aNew York :
_bOxford University Press,
_c1972
300 _axx, 491 p. :
_bill. ;
_c24 cm
504 _aIncludes Bibliography: p. 475-476 and index
600 1 0 _aO'Neill, Eugene,
_d1888-1953.
_9187185
942 _2ddc
_cBK
999 _c62940
_d62940